Numerical methods and analysis

Salvato in:
Dettagli Bibliografici
Autori principali: Buchanan, James L. (Autore), Turner, Peter R. (Autore)
Natura: Libro
Lingua:ceco
Pubblicazione: New York : McGraw-Hill, 1992
Soggetti:
Tags: Aggiungi Tag
Nessun Tag, puoi essere il primo ad aggiungerne!!

MARC

LEADER 00000nam a22000003a 4500
001 stu33341
005 20150617225733.6
008 981001s1992------------------------cze-d
020 |a 0-07-008717-2 
040 |a STU  |b slo 
041 0 |a cze 
080 |a 519.6 
084 |a A0260  |2 INS 
084 |a B0290  |2 INS 
100 1 |a Buchanan, James L.  |4 aut 
245 1 |a Numerical methods and analysis 
260 |a New York :  |b McGraw-Hill,  |c 1992 
300 |a 751 s 
650 7 |a numerická analýza  |2 stusub 
650 7 |a numerické metódy  |2 stusub 
650 7 |a diferenciálne rovnice  |2 stusub 
700 1 |a Turner, Peter R.  |4 aut 
996 |b 284EK07546  |c E*82178  |l EE01  |s A  |a 24  |w stu33341_0001